MDQL
is popping MORE tags! Check the
thread
!
Quizzes
Events
Quiz Creation
Community
Videos
Private Events
Remove Ads
Sign In
Join for FREE
Feedback
Dark Mode
Quiz Categories
Sports
Geography
Music
Movies
Television
Just For Fun
Miscellaneous
History
Literature
Language
Science
Gaming
Entertainment
Religion
Holiday
For Kids
Quiz Lab
Recent
Popular Today
Quiz Kudos Today
Editor Picks
Curator Picks
Quizzes by...
Day
Popularity
Type
Ratings
Length
Year
Community
Subscriptions
Recent Discussions
Orange Saloon
Badges
Playlists
Quests
Create
Leaderboards
Showdown
Live 5
Trivia Bingo
Activity
Puzzle Library
Sporcle Events
Private Events
Virtual Trivia
Globe League
Become a Host
Pub Owners
SporcleCon
Opinionation
Our Games
Videos
Blog
Mobile Apps
Partnerships
Remove Ads and Go Orange
Feedback
Sports
Athletes
MLB
NBA
NHL
NFL
Soccer
Sports Teams
WWE
NCAA
Football
Premier League
Basketball
Baseball
Hockey
Golf
Tennis
Cricket
Rugby
Auto Racing
Olympics
World Cup
Sports
Athletes
MLB
NBA
NHL
NFL
Soccer
Sports Teams
WWE
NCAA
Football
Premier League
Basketball
Baseball
Hockey
Golf
Tennis
Cricket
Rugby
Auto Racing
Olympics
World Cup
Random Quiz
Search Sporcle
×
Quiz Lab
Quiz Lab
Sports
Baseball
Type in answers that appear in a list
Type in answers that appear in a list
Classic
Best Score? Go Orange.
2000 MLB Season Stats
Can you name the following facts about the 2000 MLB Season?
By
mrun41
12m
86 Questions
205 Plays
205 Plays
205 Plays
Comments
Comments
Give Quiz Kudos
Give Quiz Kudos
-
- Ratings
hide this ad
Replay
Link that replays current quiz
Next Quiz
Link to next quiz in quiz playlist
You Got
0%
They Got
Avg Score
51%
Avg Friend Score
Upgrade to see
Score Distribution
Jump to the score distribution portion of the page
Score
0/86
Timer
12:00
0
Plays Today
% Correct
New York Yankees
93.7%
Roger Clemens
92.7%
Derek Jeter
91.7%
Derek Jeter
91.7%
New York Mets
89.8%
Barry Bonds
87.8%
Subway
87.3%
Jeff Bagwell
84.4%
Jeff Bagwell
84.4%
Pedro Martínez
82.4%
Edgar Martínez
82.4%
Pedro Martinez
82.4%
Pedro Martinez
82.4%
Pedro Martinez
82.4%
Sammy Sosa
80.5%
Sammy Sosa
80.5%
Sammy Sosa
80.5%
Randy Johnson
79.5%
Randy Johnson
79.5%
Alex Rodriguez
78.5%
Ivan Rodriguez
78%
Joe Torre
76.6%
Bernie Williams and Jorge Posada
76.1%
Greg Maddux
74.1%
Jason Giambi
70.2%
Mike Piazza
69.3%
Bernie Williams
68.3%
Jeff Kent
66.3%
Todd Jones and Derek Lowe
66.3%
% Correct
Jeff Kent
66.3%
Andruw Jones
65.4%
Chipper Jones
65.4%
Tom Glavine
63.9%
Manny Ramirez
63.4%
Todd Helton
63.4%
Todd Helton
63.4%
Todd Helton
63.4%
Manny Ramirez
63.4%
Todd Helton
63.4%
Jorge Posada
62.4%
Rickey Henderson
61.5%
Nomar Garciaparra
57.6%
Tim Hudson and David Wells
54.6%
Frank Thomas
52.7%
Bobby Cox
50.7%
Mike Mussina
41.5%
Carlos Delgado
41%
Turner Field
41%
Jim Edmonds
40.5%
Andrés Galarraga
40%
Mike Hampton
40%
Roberto Alomar
39.5%
Roberto Alomar
39.5%
Troy Glaus
39%
Scott Rolen
39%
Troy Glaus
39%
Vladimir Guerrero
39%
Kevin Brown
37.6%
% Correct
Kevin Brown
37.6%
Omar Vizquel
36.6%
John Olerud
29.8%
Johnny Damon
29.3%
Johnny Damon
29.3%
Magglio Ordóñez
29.3%
Darin Erstad
27.8%
Darin Erstad
27.8%
Darin Erstad
27.8%
John Franco
25.4%
Jermaine Dye
24.4%
Rafael Furcal
23.4%
Eric Karros
23.4%
Kenny Rogers
21%
Edgar Renteria
21%
Steve Finley
18.5%
Luis Castillo
17.1%
Dusty Baker
16.1%
Neifi Pérez
12.7%
Travis Fryman
12.2%
Kazuhiro Sasaki
11.7%
Jerry Manuel
10.2%
J.T. Snow
10.2%
Mike Matheny
8.8%
Jon Lieber
8.3%
Antonio Alfonseca
6.3%
Scott Sheldon
3.9%
Pokey Reese
2.4%
Quiz Playlist
Details
Report
Send in Message
Add To Playlist
Classic:
Type in answers that appear in a list
Quiz Source
Last Updated: Feb 16, 2017
Quiz Scoreboard
CHALLENGE
Sign Up to Join the Scoreboard
Show All
Scores
Hide
Comments
May contain spoilers
Recently Published
Colored Red Africa Blitz
by spor1
Geography
30s
Find the 'City' Movie
by crazypaving
Movies
60s
5x2 Blitz: Bands
by SL_Kpop136
Music
30s
More to Explore
Quiz From the Vault
Featured Blog Post
14 Easter Pick-up Lines to Find Eggs With
hide this ad
You Might Also Like...
Tags
Baseball Quiz
MLB Quiz
All-Star
Batting Leaders
Gold Glove
Hits Leaders
Pitching Leaders
Silver Slugger
World Series
Today's Top Quizzes in Sports
Browse Sports
hide this ad
Today's Top Quizzes in Baseball
Browse Baseball
Top Contributed Quizzes in Sports
1
Les meilleurs buteurs des matchs entre le PSG et l’OM
2
Les entraîneurs de l'OM et du PSG au 21e siècle
3
Les joueurs passés par le PSG et l'OM
4
2022 World Cup Stars
5
Players with Multiple 50 Home Run Seasons
6
Criteria MLB: Left Handed Sluggers
7
MLB Players with Two .350 Batting Average Seasons
8
Les joueurs passés par le LOSC et le RC Lens
9
NBA Logic Puzzle 2.0
10
Top 10 NHL Goal Scorers of All Time
Explore More
Trending Topics
Kpop
Anime
NBA
Harry Potter
Disney
Marvel
Crossword
NFL
WWE
Soccer
The Office
Pokémon
Song
Country
Puzzle
hide this ad
More By:
mrun41
Quiz
Plays
Rating
Category
Featured
Created
2013 Weekend Box Office #1's
22,824
4.23
Movies
May 23, 2013
2012 MLB Batting Leaders
3,011
4.56
Sports
Oct 5, 2012
2010 AP Preseason Poll
2,961
3.86
Sports
Aug 21, 2010
Black/White or Color?
2,116
4.27
Movies
Apr 29, 2013
2014 Weekend Box Office #1's
917
4.36
Movies
Jul 21, 2014
Go to Creator's Profile
Score Distribution
Quiz Creator Spotlight
mrun41
Follow
Send a Message
Quizzes Created
-
Created Quiz Play Count
-
More By This Creator
Popular Quizzes Today
1
Colored Red Africa Blitz
2
Find the US States - No Outlines Minefield
3
Find the 'City' Movie
4
5x2 Blitz: Bands
5
The Countries of the World
6
Find the US States
7
Find the Countries of Europe - No Outlines Minefield
8
US States
More Sports Quizzes
2010s Top Rushers: Kansas City Chiefs
Quiz Lab
Trending Quizzes
Colored Red Europe Blitz I
Colored Red Europe Blitz II
Colored Red Africa Blitz II
Colored Red Europe Blitz III
Colored Red Africa Blitz III
Recently Updated
How Do You Spell That?
pecheneg
Godzilla Movies
pecheneg
Grab Bag: 4-10 Letters
pecheneg
2024 March Madness Bracket
pecheneg
Famous TV Couples
Peacemaker
Champions League XIs: Real Madrid
pecheneg
Largest US Cities 1790-2010
pecheneg
Rides in Walt Disney World
pecheneg
Most Oscar Losses (Acting)
pecheneg
Beyoncé Albums
pecheneg
Trending Topics
Anime
Marvel
Harry Potter
NBA
Kpop
Crossword
Disney
Country
Puzzle
WWE
Soccer
Pokémon
Song
The Office
NFL
Your Account Isn't Verified!
In order to create a playlist on Sporcle, you need to verify the email address you used during registration. Go to your
Sporcle Settings
to finish the process.
Report this User
Report this user for behavior that violates our
Community Guidelines
.
Details:
Send Report
Go to the Sporcle.com Mobile Site →
Comments